Women in Rhode Island industries; (Record no. 35634)
[ view plain ]
| 000 -LEADER | |
|---|---|
| fixed length control field | 01140cam a22002891 4500 |
| 001 - CONTROL NUMBER | |
| control field | l 22000186 |
| 003 - CONTROL NUMBER IDENTIFIER | |
| control field | DLC |
| 005 - DATE AND TIME OF LATEST TRANSACTION | |
| control field | 20260227111528.0 |
| 008 - FIXED-LENGTH DATA ELEMENTS--GENERAL INFORMATION | |
| fixed length control field | 880208s1922 dcua f000 0 eng c |
| 010 ## - LIBRARY OF CONGRESS CONTROL NUMBER | |
| LC control number | l 22000186 |
| 035 ## - SYSTEM CONTROL NUMBER | |
| System control number | (OCoLC)17448792 |
| 040 ## - CATALOGING SOURCE | |
| Original cataloging agency | U.S. Dept. of labor. |
| Transcribing agency | NUtC |
| Modifying agency | DLC |
| 050 00 - LIBRARY OF CONGRESS CALL NUMBER | |
| Classification number | HD6093 |
| Item number | .A35 no. 21 |
| 082 ## - DEWEY DECIMAL CLASSIFICATION NUMBER | |
| Classification number | 331.406173 |
| 110 1# - MAIN ENTRY--CORPORATE NAME | |
| Corporate name or jurisdiction name as entry element | United States. |
| Subordinate unit | Women's Bureau. |
| 245 10 - TITLE STATEMENT | |
| Title | Women in Rhode Island industries; |
| Remainder of title | a study of hours, wages, and working conditions ... |
| 260 ## - PUBLICATION, DISTRIBUTION, ETC. | |
| Place of publication, distribution, etc. | Washington, |
| Name of publisher, distributor, etc. | Govt. print. off., |
| Date of publication, distribution, etc. | 1922. |
| 300 ## - PHYSICAL DESCRIPTION | |
| Extent | v, 73 p. incl. tables, diagrs. |
| Other physical details | front. |
| Dimensions | 23 cm. |
| 490 0# - SERIES STATEMENT | |
| Series statement | Bulletin |
| Volume/sequential designation | no. 21 |
| 500 ## - GENERAL NOTE | |
| General note | At head of title: U.S. Department of labor. James J. Davis, secretary. Women's bureau. Mary Anderson, director. |
| 500 ## - GENERAL NOTE | |
| General note | "Mrs. Ethel L. Best was in charge of the survey and the report was written by Miss Mary V. Robinson."--Letter of transmittal. |
| 650 #0 - SUBJECT ADDED ENTRY--TOPICAL TERM | |
| Topical term or geographic name entry element | Women |
| General subdivision | Employment |
| Geographic subdivision | Rhode Island. |
| 650 #0 - SUBJECT ADDED ENTRY--TOPICAL TERM | |
| Topical term or geographic name entry element | Hours of labor |
| Geographic subdivision | Rhode Island. |
| 650 #0 - SUBJECT ADDED ENTRY--TOPICAL TERM | |
| Topical term or geographic name entry element | Wages |
| Geographic subdivision | Rhode Island. |
| 700 1# - ADDED ENTRY--PERSONAL NAME | |
| Personal name | Best, Ethel L. |
| Fuller form of name | (Ethel Lombard) |
| 700 1# - ADDED ENTRY--PERSONAL NAME | |
| Personal name | Robinson, Mary Viola. |
No items available.